Dude Perfect Stereotypes - Statistics

General Stats
  • This quiz has been taken 222 times
    137 since last reset
  • The average score is 13 of 34
Answer Stats
Year Title % Correct
2013 Pickup Basketball Stereotypes
85%
2017 Christmas Stereotypes
66%
2013 Fantasy Football Stereotypes
64%
2013 Golf Stereotypes
62%
2017 Beach Stereotypes
61%
2020 Halloween Stereotypes
60%
2020 Pool Stereotypes
55%
2014 Gym Stereotypes
53%
2020 Quarantine Stereotypes
53%
2014 Movie Theater Stereotypes
50%
2022 Thanksgiving Stereotypes
50%
2015 Driving Stereotypes
47%
2014 Restaurant Stereotypes
47%
2016 Softball Stereotypes
47%
2015 Hunting Stereotypes
45%
2013 Fishing Stereotypes
43%
2018 March Madness Stereotypes
43%
2018 Grocery Store Stereotypes
40%
2013 Madden Stereotypes
40%
2015 Super Bowl Stereotypes
40%
2022 New Parents Stereotypes
39%
2019 Camping Stereotypes
38%
2021 Game Night Stereotypes
37%
2022 Airplane Stereotypes
34%
2022 Wedding Stereotypes
30%
2018 Skiing Stereotypes
29%
2021 Cell Phone Stereotypes
27%
2024 Awkward Stereotypes
10%
2023 Hotel Stereotypes
10%
2024 Office Stereotypes
9%
2024 Dad Stereotypes
8%
2023 Road Trip Stereotypes
8%
2023 Neighborhood Stereotypes
5%
2024 Pet Stereotypes
5%
No matching quizzes found
Score Distribution
Percent of People with Each Score
Percentile by Number Answered
Your Score History
You have not taken this quiz since the last reset